US States With Multiple NFL Teams - Statistics

General Stats
  • This quiz has been taken 68 times
  • The average score is 5 of 7
Answer Stats
Teams State % Correct
3 California
98%
3 Florida
91%
2 Texas
87%
2 Ohio
73%
2 Pennsylvania
65%
2 New Jersey
64%
2 Maryland
36%
No matching quizzes found
Score Distribution
Percent of People with Each Score
Percentile by Number Answered
Your Score History
You have not taken this quiz